[Event "AUTO-OPEN-4556"]
[Site "http://www.queenalice.com/game.php?id=1854778"]
[Date "2025.3.31"]
[Round "2"]
[White "yamato"]
[Black "Scharlatan"]
[Result "1-0"]
[WhiteElo "2254"]
[BlackElo "2053"]

1. d4 Nf6 2. Nf3 g6 3. c4 Bg7 4. Nc3 O-O 5. e4 d6 6. Be2 e5 7. O-O Nc6 8. d5 Ne7
9. Ne1 Nd7 10. f3 f5 11. g4 Kh8 12. h4 fxg4 13. fxg4 Rxf1+ 14. Kxf1 Qf8+ 15. Kg2
Nf6 16. Nd3 Nfg8 17. Be3 a6 18. b4 Bd7 19. c5 h6 20. a4 Qc8 21. Nf2 Qf8 22. b5
Bf6 23. Kg3 Kh7 24. g5 Bg7 25. bxa6 bxa6 26. Rb1 Qc8 27. c6 Be8 28. Bg4 Qd8 29.
Rb7 h5 30. Be2 Nc8 31. Qb3 Nge7 32. Rb8 Rxb8 33. Qxb8 Bf7 34. Bxa6 1-0

[Event "AUTO-OPEN-4556"]
[Site "http://www.queenalice.com/game.php?id=1854779"]
[Date "2025.3.31"]
[Round "2"]
[White "Scharlatan"]
[Black "yamato"]
[Result "0-1"]
[WhiteElo "2083"]
[BlackElo "2256"]

1. e4 c5 2. Nf3 e6 3. b3 a6 4. Bb2 Nc6 5. c4 d6 6. Be2 Nf6 7. Nc3 Be7 8. O-O O-O
9. d4 cxd4 10. Nxd4 Bd7 11. Kh1 Rb8 12. f4 Nxd4 13. Qxd4 Bc6 14. Bd3 b5 15. cxb5
axb5 16. b4 Qb6 17. Qxb6 Rxb6 18. Rab1 Ra8 19. a3 h6 20. Rbe1 Nd7 21. f5 Ne5 22.
Be2 Bd7 23. fxe6 fxe6 24. Rf2 Rc8 25. Ref1 Bg5 26. Rf3 Nxf3 27. Bxf3 Bf6 28. Rc1
Be5 29. h4 Rbc6 0-1

[Event "AUTO-OPEN-4554"]
[Site "http://www.queenalice.com/game.php?id=1857233"]
[Date "2025.5.13"]
[Round "3"]
[White "yamato"]
[Black "Pin"]
[Result "1-0"]
[WhiteElo "2237"]
[BlackElo "2103"]

1. d4 Nf6 2. Nf3 g6 3. c4 Bg7 4. Nc3 d5 5. Qb3 dxc4 6. Qxc4 O-O 7. e4 a6 8. Qb3
b5 9. e5 Ng4 10. Be2 Bb7 11. h3 Nh6 12. O-O Nf5 13. Rd1 Nc6 14. Be3 Nxe3 15.
fxe3 e6 16. a3 Rc8 17. Rac1 Ne7 18. a4 c6 19. Ne4 Nf5 20. Nc5 Rc7 21. Nxb7 Qc8
22. Nc5 Ng3 23. Bd3 Bh6 24. Re1 Nf5 25. Bxf5 exf5 26. Rc2 Re8 27. axb5 cxb5 28.
Qd3 Bf8 29. Rec1 1-0

[Event "AUTO-OPEN-4554"]
[Site "http://www.queenalice.com/game.php?id=1857234"]
[Date "2025.5.13"]
[Round "3"]
[White "Pin"]
[Black "yamato"]
[Result "1-0"]
[WhiteElo "1979"]
[BlackElo "2263"]

1. d4 Nf6 2. c4 c5 3. e3 e6 4. Nc3 d5 5. Nf3 Nc6 6. Be2 dxc4 7. Bxc4 cxd4 8.
exd4 Be7 9. O-O O-O 10. Bg5 b6 11. Bxf6 Bxf6 12. d5 Na5 13. Bd3 Bxc3 14. bxc3
Qxd5 15. Qc2 Qh5 16. Rfe1 Bb7 17. Ne5 Rad8 18. Re3 g6 19. Rae1 Nc6 20. Nxc6 Bxc6
21. Be4 Bxe4 22. Rxe4 Rd5 23. R4e3 Rc8 24. Qa4 Rc7 25. Rh3 Qg5 26. Rf3 Qe7 27.
Rc1 Qd7 28. Qb3 Rd2 29. h3 Rd3 30. Rxd3 Qxd3 31. c4 Qd4 32. Kf1 Rc5 33. Qa3 a5
34. Qc3 Qxc3 35. Rxc3 b5 36. Ke2 bxc4 37. Ke3 e5 38. Ke4 f5+ 39. Ke3 Kf7 40. g3
Ke6 41. h4 Kd5 42. f3 h6 43. g4 f4+ 44. Kd2 e4 45. fxe4+ Kxe4 46. Ke2 g5 47.
hxg5 hxg5 48. a4 Kd4 49. Kd2 Re5 50. Rc1 1-0

[Event "AUTO-MASTER-3234"]
[Site "http://www.queenalice.com/game.php?id=1859165"]
[Date "2025.6.24"]
[Round "3"]
[White "yamato"]
[Black "Guilherme_Ottoni"]
[Result "1-0"]
[WhiteElo "2259"]
[BlackElo "2257"]

1. d4 d5 2. Nf3 Nf6 3. c4 dxc4 4. e3 a6 5. Bxc4 e6 6. O-O c5 7. a4 cxd4 8. exd4
Nc6 9. Nc3 Be7 10. Re1 O-O 11. h3 Nb4 12. Ne5 Nbd5 13. Nxd5 Nxd5 14. Qd3 Bf6 15.
a5 b5 16. axb6 Qxb6 17. b3 Bxe5 18. dxe5 Bb7 19. Qg3 Ne7 20. Bd3 g6 21. Bg5 Nf5
22. Bxf5 exf5 23. Re3 Qd4 24. Rae1 h5 25. e6 fxe6 26. Rxe6 Be4 27. Rxg6+ 1-0

[Event "AUTO-MASTER-3234"]
[Site "http://www.queenalice.com/game.php?id=1859166"]
[Date "2025.6.24"]
[Round "3"]
[White "Guilherme_Ottoni"]
[Black "yamato"]
[Result "1/2-1/2"]
[WhiteElo "2257"]
[BlackElo "2259"]

1. e4 e6 2. d4 d5 3. Nc3 Nf6 4. e5 Nfd7 5. f4 c5 6. Nf3 Nc6 7. Be3 cxd4 8. Nxd4
Bc5 9. Qd2 Bxd4 10. Bxd4 a6 11. Bf2 b5 12. g3 Bb7 13. Bg2 O-O 14. Ne2 b4 15. a3
a5 16. axb4 axb4 17. O-O Qe7 18. Nd4 Rxa1 19. Rxa1 Ra8 20. Rxa8+ Bxa8 21. c3
Nxd4 22. Qxd4 bxc3 23. Qxc3 Qd8 24. b4 Bb7 25. Bd4 1/2-1/2

[Event "AUTO-MASTER-3271"]
[Site "http://www.queenalice.com/game.php?id=1859755"]
[Date "2025.7.10"]
[Round "1"]
[White "yamato"]
[Black "raulzampronha"]
[Result "1/2-1/2"]
[WhiteElo "2256"]
[BlackElo "2249"]

1. d4 Nf6 2. Nf3 d5 3. c4 e6 4. Nc3 Be7 5. Bg5 O-O 6. e3 b6 7. Qb3 Bb7 8. Bxf6
Bxf6 9. cxd5 exd5 10. Be2 Re8 11. O-O a6 12. Rad1 Qd6 13. Rfe1 Nd7 14. Bd3 c5
15. Bb1 c4 16. Qc2 g6 17. e4 dxe4 18. Nxe4 Bxe4 19. Rxe4 b5 20. Rde1 Rxe4 21.
Qxe4 Rd8 22. h4 Bg7 23. a3 Nf6 24. Qb7 h6 25. Re7 Rd7 26. Rxd7 Nxd7 27. Qe4 Nf6
1/2-1/2

[Event "AUTO-MASTER-3271"]
[Site "http://www.queenalice.com/game.php?id=1859756"]
[Date "2025.7.10"]
[Round "1"]
[White "raulzampronha"]
[Black "yamato"]
[Result "1-0"]
[WhiteElo "2182"]
[BlackElo "2271"]

1. e4 e6 2. d4 d5 3. Nc3 Nf6 4. e5 Nfd7 5. f4 c5 6. Nf3 Nc6 7. Be3 cxd4 8. Nxd4
Bc5 9. Qd2 Bxd4 10. Bxd4 a6 11. Bf2 b5 12. a4 b4 13. Ne2 a5 14. Nd4 Nxd4 15.
Bxd4 Ba6 16. Bxa6 Rxa6 17. O-O Qc7 18. f5 exf5 19. Rxf5 O-O 20. Raf1 Nc5 21. Qe2
Ne6 22. Qxa6 Nxd4 23. Rxf7 Qxf7 24. Rxf7 Rxf7 25. Qa8+ 1-0

[Event "AUTO-MASTER-3271"]
[Site "http://www.queenalice.com/game.php?id=1859757"]
[Date "2025.7.10"]
[Round "1"]
[White "yamato"]
[Black "JailtonMaster"]
[Result "1-0"]
[WhiteElo "2245"]
[BlackElo "2034"]

1. d4 d5 2. Nf3 Nf6 3. c4 c6 4. Nc3 e6 5. Bg5 Nbd7 6. e3 Be7 7. Qc2 O-O 8. cxd5
exd5 9. Bd3 h6 10. Bh4 Re8 11. O-O Nf8 12. Rab1 Bg4 13. Nd2 Rc8 14. b4 Bd6 15.
Rfe1 Qc7 16. Nf1 Bxh2+ 17. Nxh2 1-0

[Event "AUTO-MASTER-3271"]
[Site "http://www.queenalice.com/game.php?id=1859759"]
[Date "2025.7.10"]
[Round "1"]
[White "yamato"]
[Black "somchess"]
[Result "1-0"]
[WhiteElo "2248"]
[BlackElo "2040"]

1. d4 Nf6 2. Nf3 d5 3. c4 g6 4. Nc3 Bg7 5. Qb3 c6 6. cxd5 cxd5 7. Bf4 Nc6 8. e3
Qa5 9. Bd3 O-O 10. O-O a6 11. h3 Bd7 12. Rac1 Qb4 13. Qc2 Rac8 14. a3 Qb6 15. b4
Qd8 16. Qb3 e6 17. Na4 Ne4 18. Bxe4 dxe4 19. Nd2 e5 20. dxe5 1-0

[Event "AUTO-MASTER-3271"]
[Site "http://www.queenalice.com/game.php?id=1859760"]
[Date "2025.7.10"]
[Round "1"]
[White "somchess"]
[Black "yamato"]
[Result "0-1"]
[WhiteElo "2048"]
[BlackElo "2242"]

1. d4 Nf6 2. Nf3 d6 3. c4 g6 4. g3 Bg7 5. Nc3 O-O 6. Bg2 Nc6 7. O-O a6 8. e4 Bg4
9. Be3 e5 10. d5 Ne7 11. c5 Ne8 12. Qd3 Bxf3 13. Bxf3 f5 14. Rad1 h6 15. a4 dxc5
16. Bxc5 Nd6 17. b4 Kh8 18. Bg2 b6 19. Bxd6 cxd6 0-1

[Event "AUTO-ELITE-2599"]
[Site "http://www.queenalice.com/game.php?id=1865655"]
[Date "2025.11.16"]
[Round "1"]
[White "yamato"]
[Black "trompmaster"]
[Result "0-1"]
[WhiteElo "2253"]
[BlackElo "2439"]

1. d4 d5 2. Nf3 Nf6 3. c4 c6 4. Nc3 dxc4 5. e4 b5 6. e5 Nd5 7. a4 e6 8. axb5
Nxc3 9. bxc3 cxb5 10. Ng5 Bb7 11. Qh5 g6 12. Qg4 Be7 13. Be2 Nd7 14. O-O Nb6 15.
Ne4 h5 0-1

[Event "AUTO-ELITE-2599"]
[Site "http://www.queenalice.com/game.php?id=1865656"]
[Date "2025.11.16"]
[Round "1"]
[White "trompmaster"]
[Black "yamato"]
[Result "1-0"]
[WhiteElo "2435"]
[BlackElo "2260"]

1. e4 e6 2. g3 d5 3. Nc3 Nf6 4. e5 Nfd7 5. f4 c5 6. Nf3 a6 7. Bg2 Nc6 8. O-O b5
9. d4 cxd4 10. Ne2 Bc5 11. Nexd4 Nxd4 12. Nxd4 Qb6 13. Be3 O-O 14. c3 a5 15. a3
Qb8 16. b4 Be7 17. Nc6 1-0

[Event "AUTO-OPEN-4555"]
[Site "http://www.queenalice.com/game.php?id=1865845"]
[Date "2025.11.19"]
[Round "2"]
[White "yamato"]
[Black "askasl159"]
[Result "1-0"]
[WhiteElo "2224"]
[BlackElo "1721"]

1. d4 d5 2. Nf3 g6 3. c4 c6 4. cxd5 cxd5 5. Nc3 Bg7 6. Bf4 Nc6 7. e3 Nf6 8. Bd3
O-O 9. h3 b6 10. O-O Bb7 11. Rc1 Nb4 12. Bb1 Ne4 13. a3 Nc6 14. Nxe4 dxe4 15.
Bxe4 Rc8 16. Bd3 1-0

[Event "AUTO-OPEN-4555"]
[Site "http://www.queenalice.com/game.php?id=1865846"]
[Date "2025.11.19"]
[Round "2"]
[White "askasl159"]
[Black "yamato"]
[Result "0-1"]
[WhiteElo "1719"]
[BlackElo "2225"]

1. e4 c5 2. b4 b6 3. Nf3 Bb7 4. e5 e6 5. Be2 d6 6. Bb2 Nd7 7. bxc5 dxc5 8. d4
cxd4 9. Bxd4 Ne7 10. Nc3 Nc6 11. O-O Nxd4 12. Qxd4 a6 13. Rad1 Be7 14. Rd2 Qc7
15. Rfd1 Rd8 16. Qc4 Qxc4 0-1

[Event "AUTO-ELITE-2601"]
[Site "http://www.queenalice.com/game.php?id=1866016"]
[Date "2025.11.22"]
[Round "1"]
[White "yamato"]
[Black "raulzampronha"]
[Result "0-1"]
[WhiteElo "2247"]
[BlackElo "2241"]

1. d4 Nf6 2. Nf3 e6 3. c4 Bb4+ 4. Nc3 c5 5. e3 O-O 6. Bd3 b6 7. O-O Bb7 8. a3
Bxc3 9. bxc3 d6 10. Nd2 Nc6 11. Bb2 Rc8 12. e4 e5 0-1

[Event "AUTO-ELITE-2601"]
[Site "http://www.queenalice.com/game.php?id=1866017"]
[Date "2025.11.22"]
[Round "1"]
[White "raulzampronha"]
[Black "yamato"]
[Result "1-0"]
[WhiteElo "2253"]
[BlackElo "2235"]

1. e4 e6 2. d4 d5 3. Nc3 Nf6 4. e5 Nfd7 5. f4 c5 6. Nf3 Nc6 7. Be3 cxd4 8. Nxd4
Bc5 9. Qd2 Bxd4 10. Bxd4 O-O 11. O-O-O a6 12. Be3 b5 13. Qf2 1-0